000 00735nam a2200265Ia 4500
003 OSt
005 20221006150611.0
006 a|||||r|||| 00| 0
007 ta
008 221006b |||||||| |||| 00| 0 jpn d
020 _c¥1500
024 _a19,204
037 _bGift, Japan Foundation
_cTextual
040 _aEASL
_cEASL
_bjpn
041 _2jpn
_ajpn
082 _aV42:2.N, L7.
100 _aIENAGA Saburo
_9642976
245 0 _aRekishi no naka no kenpo. 2 Vols.
260 _aTokyo
_bTokyo Digaku Shuppan Kai Japan
_c1972
300 _a249 + 295-812p.
_ccm.
490 _v V.2JL
650 _aJL
942 _hV42:2.N, L7.
_cTEXL
_2CC
999 _c1087290
_d1087290